Les plantes bulbeuses
Gorde:
| Egile nagusia: | |
|---|---|
| Formatua: | Liburua |
| Hizkuntza: | frantsesa |
| Argitaratua: |
París
J. B. Bailliere et Fils
1952
|
| Saila: | Bibliothéque D'Horticulture Pratique
|
| Gaiak: | |
| Etiketak: |
Etiketa erantsi
Etiketarik gabe, Izan zaitez lehena erregistro honi etiketa jartzen!
|
MARC
| LEADER | 00000nam a2200000 a 4500 | ||
|---|---|---|---|
| 001 | UCQ0161 | ||
| 003 | CL-VaPUC | ||
| 008 | 980619e19520000FR |||||||||||||||||fre|d | ||
| 082 | 0 | 4 | |a 635.944 |b BEL |2 21 |
| 100 | 0 | |a Belin, G |e author |9 413200 | |
| 245 | 1 | 4 | |a Les plantes bulbeuses |
| 300 | |a 245 p | ||
| 942 | |c BK | ||
| 945 | |d 19980619 00:00:00 |a mvenant | ||
| 260 | |a París |b J. B. Bailliere et Fils |c 1952 | ||
| 650 | 0 | |a Plantas bulbosas |9 413201 | |
| 650 | 0 | |a Flores |9 310803 | |
| 650 | 7 | |a LIRIOS |2 CL-VaPUC |9 325803 | |
| 650 | 7 | |a TULIPANES |2 CL-VaPUC |9 328045 | |
| 650 | 0 | |a Floricultura |9 264401 | |
| 583 | |a last modification |c 19980619 00:00:00 |k Rodrigo Vera | ||
| 490 | 0 | |a Bibliothéque D'Horticulture Pratique | |
| 999 | |c 271302 |d 271300 | ||
| 952 | |0 0 |1 1 |2 ddc |4 0 |6 635_944000000000000_BEL_1952 |7 0 |8 P |9 305912 |a BIBAGR |b BIBAGR |d 2019-11-20 |i 3434389 |o 635.944 BEL 1952 |p 3434389 |r 2019-11-20 |w 2019-11-20 |y BK |k AGR | ||